000 00465nam a2200145Ia 4500
008 090124s9999 xx 000 0 und d
082 _b202224
245 _a फळांचे टिकाऊ पदार्थ
250 _a1
260 _bउद्यम प्रकाशन
_c1972
300 _a128
630 _a फळांचे टिकाऊ पदार्थ
730 _a फळांचे टिकाऊ पदार्थ
942 _cBOOK
999 _c183805
_d183805